| 000 | 00907cam a22002411 4500 | ||
|---|---|---|---|
| 001 | pa 68000007 | ||
| 003 | DLC | ||
| 005 | 20260227111857.0 | ||
| 008 | 710901s1967 dcu 00000 eng c | ||
| 010 | _apa 68000007 //r843 | ||
| 040 | _aPan American Union. Library | ||
| 041 | 1 | _aengspa | |
| 050 | 0 | _aLAW | |
| 082 | 0 |
_a342.7293/023 _a347.2930223 _219 |
|
| 110 | 1 | 0 | _aDominican Republic. |
| 240 | 1 | 0 |
_aConstitución (1966). _lEnglish |
| 245 | 1 | 0 | _aConstitution of the Dominican Republic, 1966. |
| 260 | 0 |
_aWashington, _bPan American Union, _c1967. |
|
| 300 |
_aiv, 28 p. _c28 cm. |
||
| 500 | _a"This constitution, which supersedes the one of September 16, 1962, is translated from the text distributed by the Junta Central Electoral." | ||
| 500 | _a"Published under the direction of the General Legal Division, Department of Legal Affairs." | ||
| 710 | 2 | 0 |
_aPan American Union. _bGeneral Legal Division. |
| 999 |
_c51615 _d51615 |
||